000 00719nam a22002177a 4500
005 20111223094048.0
008 111223t xxu||||| |||| 00| 0 eng d
010 _aENG-104441
020 _a9788178331379
_c1875.00
035 _aEN-87974
037 _bDBAD/PUB
040 _aDPL
_bEng
082 _a664
100 _937371
245 0 0 _aHand book on fermented foods and chemicals
_b
260 _aDelhi
_bAsia Pacific Business Press
_c(201 ?)
270 _a106-E, Kamla Nagar,
_b Delhi
_e110007
300 _avi,666p.
_c22cm (pbk)
942 _2ddc
_cEN
_mHAN
_h664
999 _c59911
_d59911